Normal view MARC view
  • Nagpal, G.R

Entry Personal Name

Number of records used in: 1

001 - CONTROL NUMBER

  • control field: 83710

003 - CONTROL NUMBER IDENTIFIER

  • control field: NUST

005 - DATE AND TIME OF LATEST TRANSACTION

  • control field: 20211108161052.0

008 - FIXED-LENGTH DATA ELEMENTS

  • fixed length control field: 211108|| aca||aabn | a|a d

040 ## - CATALOGING SOURCE

  • Original cataloging agency: NUST
  • Transcribing agency: NUST

100 ## - HEADING--PERSONAL NAME

  • Personal name: Nagpal, G.R

670 ## - SOURCE DATA FOUND

  • Source citation: Work cat.: (NUST)32570: Nagpal, G.R, Tool Engineering & Design /, 2009.
© 2023 Central Library, National University of Sciences and Technology. All Rights Reserved.